000 00668nam a2200265Ia 4500
003 OSt
005 20221007103817.0
006 a|||||r|||| 00| 0
007 ta
008 221006b |||||||| |||| 00| 0 eng d
020 _a0406399816
024 _a14,110
037 _cTextual
040 _aLCO
_cLCO
_beng
041 _2eng
_aeng
082 _aZ2,98:1, L9
100 _aThornton G.C.
_9688784
245 0 _aLegislative Drafting
250 _a2nd
260 _aLondon
_bButterworth UK
_c1979
300 _a350
650 _aLEGISLATIVE DRAFTING
_9688853
942 _hZ2,98:1, L9
_cTEXL
999 _c1183673
_d1183673